| 000 | 01109nam0a22002771 4500 | ||
|---|---|---|---|
| 001 | rc\103181 | ||
| 005 | 20021216133254.7 | ||
| 010 |
_a5-230-25489-0 _9300 |
||
| 035 | _a(NLR Aleph) 005365769 | ||
| 090 |
_a6946636 _c6946636 |
||
| 100 | _a20021216d1993 u |0rusy50 ca | ||
| 101 | 0 | _arus | |
| 102 | _aRU | ||
| 105 | _aa ||||||||| | ||
| 200 | 1 |
_aПроектирование и конструирование горных машин и комплексов _eУчеб. пособие _fА.А. Лаутеншлейгер, В.С. Шестаков, А.П. Комиссаров _gУрал. горн. ин-т |
|
| 210 |
_aЕкатеринбург _cУГИ _d1993 |
||
| 215 |
_a139 с. _cил. _d20 |
||
| 320 | _aБиблиогр.: с. 123 (16 назв.) | ||
| 700 | 1 |
_aЛаутеншлейгер _bА. А. _gАлексей Алексеевич |
|
| 701 | 1 |
_aШестаков _bВ. С. _gВиктор Степанович |
|
| 701 | 1 |
_aКомиссаров _bА. П. _gАнатолий Павлович |
|
| 801 | 0 |
_aRU _bNLR _gpsbo |
|
| 801 | 1 |
_aRU _bELAR _2rusmarc |
|
| 852 |
_aNLR _j95-3/3900 |
||
| 942 | _cBOOK | ||
| 980 | _aNB | ||